[Event "Medellin Easter op 11th"]
[Site "Medellin"]
[Date "2023.04.06"]
[Round "3"]
[White "Montoya, Mariangel"]
[Black "Gallego Herrera, Santiago"]
[Result "0-1"]
[WhiteElo "1391"]
[BlackElo "1713"]
[PlyCount "88"]
[EventDate "2023.04.05"]
[EventType "swiss"]
[EventRounds "7"]
[EventCountry "COL"]
[SourceTitle "CBM 213 Extra"]
[Source "ChessBase"]
[SourceDate "2023.05.31"]
[SourceVersion "1"]
[SourceVersionDate "2023.05.31"]
[SourceQuality "1"]

1. e4 c6 2. d4 d5 3. exd5 cxd5 4. Bd3 Nf6 5. Nf3 Bg4 6. c3 Nc6 7. Bf4 e6 8. Nbd2 Bd6 9. Bxd6 Qxd6 10. 0-0 0-0 11. Qc2 Rac8 12. Ng5 h6 13. Ngf3 Nb4 14. Qb1 Nxd3 15. Qxd3 Qb6 16. Nb3 Bf5 17. Qe2 Ne4 18. Ne5 Qc7 19. f3 Nd6 20. Nc5 Rfe8 21. f4 f6 22. Nf3 b6 23. Na6 Qc4 24. Qxc4 Nxc4 25. b3 Ne3 26. Rfc1 Nc2 27. Rab1 Rxc3 28. Rb2 Rec8 29. Ne1 Nxd4 30. Rxc3 Rxc3 31. Rd2 Nb5 32. h3 Rc1 33. Kf2 Nd6 34. g4 Ne4+ 35. Ke2 Nxd2 36. Kxd2 Ra1 37. Nb4 Be4 38. Nc6 Rxa2+ 39. Kc3 Re2 40. Nd3 Re3 41. Ncb4 a5 42. Kd4 Rxh3 43. Nxd5 Rxd3+ 44. Kc4 Rxd5 0-1

[Event "Medellin Easter op 11th"]
[Site "Medellin"]
[Date "2023.04.05"]
[Round "1"]
[White "Montoya, Mariangel"]
[Black "Salcedo Perez, Pablo Esteban"]
[Result "0-1"]
[WhiteElo "1391"]
[BlackElo "2128"]
[PlyCount "96"]
[EventDate "2023.04.05"]
[EventType "swiss"]
[EventRounds "7"]
[EventCountry "COL"]
[SourceTitle "CBM 213 Extra"]
[Source "ChessBase"]
[SourceDate "2023.05.31"]
[SourceVersion "1"]
[SourceVersionDate "2023.05.31"]
[SourceQuality "1"]

1. e4 c5 2. Nf3 d6 3. d4 Nf6 4. Nc3 cxd4 5. Nxd4 a6 6. Bc4 e6 7. 0-0 b5 8. Bd3 Bb7 9. Re1 Be7 10. Be3 b4 11. Na4 Nxe4 12. Bxe4 Bxe4 13. Nxe6 fxe6 14. Bb6 Qd7 15. Rxe4 Qxa4 16. Rxe6 Qb5 17. Qxd6 Qd7 18. Qe5 Kf7 19. Re1 Re8 20. Qf5+ Kg8 21. Bc5 Nc6 22. Qe4 Rac8 23. h3 Rc7 24. Qg4 Qd5 25. Bxe7 Rexe7 26. Rxe7 Rxe7 27. Qc8+ Kf7 28. Rxe7+ Nxe7 29. Qxa6 Qd1+ 30. Kh2 Qxc2 31. b3 Qc7+ 32. g3 Qc2 33. Kg1 Qc1+ 34. Kh2 Qd2 35. Qc4+ Kf6 36. Qh4+ g5 37. Qh6+ Ng6 38. Kg2 Qxa2 39. Qxh7 Qxb3 40. Qd7 Qc3 41. Qd8+ Kg7 42. Qxg5 b3 43. Qb5 b2 44. h4 Qc1 45. Qd7+ Kh6 46. g4 Nxh4+ 47. Kg3 Qg1+ 48. Kxh4 Qh2# 0-1

[Event "Medellin Feria de las Flores op"]
[Site "Medellin"]
[Date "2022.08.07"]
[Round "8"]
[White "Gomez Araque, Laura Sofia"]
[Black "Montoya, Mariangel"]
[Result "1/2-1/2"]
[WhiteElo "1258"]
[BlackElo "1376"]
[PlyCount "90"]
[EventDate "2022.08.03"]
[EventType "swiss"]
[EventRounds "9"]
[EventCountry "COL"]
[SourceTitle "CBM 209 Extra"]
[Source "ChessBase"]
[SourceDate "2022.09.30"]
[SourceVersion "1"]
[SourceVersionDate "2022.09.30"]
[SourceQuality "1"]

1. e4 c5 2. Nf3 g6 3. d4 cxd4 4. Nxd4 Nc6 5. Nxc6 bxc6 6. Bc4 Nf6 7. Nc3 d6 8. Be3 Bg7 9. f3 0-0 10. Qd2 Qa5 11. 0-0-0 Rb8 12. Bb3 Be6 13. h4 Bxb3 14. cxb3 d5 15. Kb1 dxe4 16. Nxe4 Qf5 17. Qc2 Nxe4 18. fxe4 Qg4 19. Bxa7 Rb7 20. Bd4 e5 21. Bc5 Rfb8 22. Bd6 Rc8 23. b4 Qe6 24. g3 Rd7 25. Bc5 Rxd1+ 26. Rxd1 Qe8 27. Qd3 Bf6 28. Qd7 Qxd7 29. Rxd7 Rd8 30. Rxd8+ Bxd8 31. Kc2 f5 32. Kd3 f4 33. Bf2 Kf7 34. a4 Ke7 35. a5 Kd7 36. Kc4 Kc8 37. b5 Bxa5 38. bxc6 Kc7 39. Kd5 Bb6 40. Bxb6+ Kxb6 41. gxf4 exf4 42. Kd4 Kxc6 43. e5 f3 44. Ke3 Kd5 45. Kxf3 Kxe5 1/2-1/2

[Event "Medellin Feria de las Flores op"]
[Site "Medellin"]
[Date "2022.08.06"]
[Round "7"]
[White "Montoya, Mariangel"]
[Black "Gomez, Hernan Alberto"]
[Result "0-1"]
[WhiteElo "1376"]
[BlackElo "1743"]
[PlyCount "56"]
[EventDate "2022.08.03"]
[EventType "swiss"]
[EventRounds "9"]
[EventCountry "COL"]
[SourceTitle "CBM 209 Extra"]
[Source "ChessBase"]
[SourceDate "2022.09.30"]
[SourceVersion "1"]
[SourceVersionDate "2022.09.30"]
[SourceQuality "1"]

1. e4 d6 2. d4 Nf6 3. Nc3 g6 4. Nf3 Bg7 5. Bc4 0-0 6. 0-0 Nxe4 7. Nxe4 d5 8. Bxd5 Qxd5 9. Nc3 Qd6 10. Qe2 Bf5 11. Nb5 Qb6 12. Nc3 Re8 13. Nd5 Qd6 14. c4 Nc6 15. Bf4 e5 16. Bg3 Bg4 17. Qe3 Bxf3 18. gxf3 Qd7 19. dxe5 Nxe5 20. Bxe5 Rxe5 21. Qd2 Qh3 22. f4 Qg4+ 23. Kh1 Qf3+ 24. Kg1 Re2 25. Qb4 Bd4 26. Qxb7 Bxf2+ 27. Rxf2 Qxf2+ 28. Kh1 Qxh2# 0-1

[Event "Medellin Aristizabal Cup"]
[Site "Medellin"]
[Date "2022.07.10"]
[Round "5"]
[White "Duque Vasquez, David"]
[Black "Montoya, Mariangel"]
[Result "1-0"]
[WhiteElo "1672"]
[BlackElo "1351"]
[PlyCount "79"]
[EventDate "2022.07.08"]
[EventType "swiss"]
[EventRounds "7"]
[EventCountry "COL"]
[SourceTitle "CBM 209 Extra"]
[Source "ChessBase"]
[SourceDate "2022.09.30"]
[SourceVersion "1"]
[SourceVersionDate "2022.09.30"]
[SourceQuality "1"]

1. e4 c5 2. Nc3 g6 3. g3 Bg7 4. Bg2 Nc6 5. d3 d6 6. Be3 Nf6 7. h3 Qb6 8. Qd2 Qxb2 9. Rb1 Qa3 10. Nge2 0-0 11. f4 Nh5 12. Rb3 Qa5 13. g4 Nf6 14. f5 a6 15. 0-0 e6 16. Bh6 Nd4 17. Nxd4 cxd4 18. Ne2 Qxd2 19. Bxd2 exf5 20. g5 Nh5 21. exf5 Re8 22. Rf2 gxf5 23. Bxb7 Bxb7 24. Rxb7 Rec8 25. Nf4 Ng3 26. Kg2 Ne4 27. dxe4 fxe4 28. Bb4 e3 29. Re2 Be5 30. Nd3 Rc4 31. Be1 Rac8 32. Rb2 a5 33. Bxa5 Kg7 34. Kf3 Kg6 35. h4 Kh5 36. Nxe5 dxe5 37. Be1 Rd8 38. Rb6 e4+ 39. Kg3 d3 40. Rh6# 1-0

[Event "Medellin Aristizabal Cup"]
[Site "Medellin"]
[Date "2022.07.09"]
[Round "3"]
[White "Montoya Echeverri, Sebastian"]
[Black "Montoya, Mariangel"]
[Result "1-0"]
[WhiteElo "1761"]
[BlackElo "1351"]
[PlyCount "41"]
[EventDate "2022.07.08"]
[EventType "swiss"]
[EventRounds "7"]
[EventCountry "COL"]
[SourceTitle "CBM 209 Extra"]
[Source "ChessBase"]
[SourceDate "2022.09.30"]
[SourceVersion "1"]
[SourceVersionDate "2022.09.30"]
[SourceQuality "1"]

1. e4 c5 2. Nf3 g6 3. d4 cxd4 4. Nxd4 Nc6 5. c4 Bg7 6. Be3 Nf6 7. Nc3 Ng4 8. Qxg4 Nxd4 9. Qd1 Ne6 10. Rc1 Qa5 11. Bd3 b6 12. 0-0 Bb7 13. f4 0-0 14. f5 Nc5 15. Bb1 Bxc3 16. Rxc3 Bxe4 17. Ra3 Qb4 18. Qd4 gxf5 19. Bd2 Ne6 20. Rg3+ Ng7 21. Qxg7# 1-0

[Event "COL-ch U18 Girls"]
[Site "Medellin"]
[Date "2022.06.04"]
[Round "7"]
[White "Carrillo Riano, Karen Sofia"]
[Black "Montoya, Mariangel"]
[Result "1-0"]
[WhiteElo "1305"]
[BlackElo "1389"]
[PlyCount "37"]
[EventDate "2022.06.01"]
[EventType "swiss"]
[EventRounds "9"]
[EventCountry "COL"]
[SourceTitle "CBM 208 Extra"]
[Source "ChessBase"]
[SourceDate "2022.07.31"]
[SourceVersion "1"]
[SourceVersionDate "2022.07.31"]
[SourceQuality "1"]

1. e4 c5 2. Nf3 Nc6 3. d4 cxd4 4. Nxd4 g6 5. Nc3 Bg7 6. Be3 Nf6 7. Bc4 Qa5 8. f3 Qb4 9. Bb3 0-0 10. Qd2 Nxd4 11. Qxd4 Qxd4 12. Bxd4 d6 13. 0-0-0 Bd7 14. e5 dxe5 15. Bxe5 Bc6 16. Rhg1 a5 17. Ba4 Bxa4 18. Nxa4 Bh6+ 19. Kb1 1-0

[Event "COL-ch U18 Girls"]
[Site "Medellin"]
[Date "2022.06.04"]
[Round "6"]
[White "Montoya, Mariangel"]
[Black "Moncada Correa, Sara"]
[Result "0-1"]
[WhiteElo "1389"]
[BlackElo "1985"]
[PlyCount "32"]
[EventDate "2022.06.01"]
[EventType "swiss"]
[EventRounds "9"]
[EventCountry "COL"]
[SourceTitle "CBM 208 Extra"]
[Source "ChessBase"]
[SourceDate "2022.07.31"]
[SourceVersion "1"]
[SourceVersionDate "2022.07.31"]
[SourceQuality "1"]

1. e4 e6 2. d3 d5 3. Nd2 c5 4. Ngf3 Nc6 5. g3 Nf6 6. Bg2 g6 7. 0-0 Bg7 8. Re1 0-0 9. Qe2 b6 10. Nf1 e5 11. exd5 Nxd5 12. c4 Nde7 13. Ne3 Bb7 14. Ng4 f6 15. Nh6+ Kh8 16. Ng4 Nf5 0-1

[Event "COL-ch U18 Girls"]
[Site "Medellin"]
[Date "2022.06.02"]
[Round "2"]
[White "Castano, Saray"]
[Black "Montoya, Mariangel"]
[Result "1-0"]
[WhiteElo "1692"]
[BlackElo "1389"]
[PlyCount "37"]
[EventDate "2022.06.01"]
[EventType "swiss"]
[EventRounds "9"]
[EventCountry "COL"]
[SourceTitle "CBM 208 Extra"]
[Source "ChessBase"]
[SourceDate "2022.07.31"]
[SourceVersion "1"]
[SourceVersionDate "2022.07.31"]
[SourceQuality "1"]

1. e4 c5 2. Nf3 g6 3. d4 cxd4 4. Nxd4 Nc6 5. c4 Bg7 6. Be3 Nf6 7. Nc3 Ng4 8. Qxg4 Nxd4 9. Qd1 Ne6 10. Rc1 d6 11. Be2 0-0 12. 0-0 Nc5 13. f3 Be6 14. Qd2 Rc8 15. b4 Na6 16. Nb5 b6 17. Nxa7 Ra8 18. Nc6 Qd7 19. Nd4 1-0

[Event "Medellin U2000 op"]
[Site "Medellin"]
[Date "2022.05.22"]
[Round "6"]
[White "Montoya Echeverri, Sebastian"]
[Black "Montoya, Mariangel"]
[Result "1/2-1/2"]
[WhiteElo "1874"]
[BlackElo "1372"]
[PlyCount "64"]
[EventDate "2022.05.18"]
[EventType "swiss"]
[EventRounds "7"]
[EventCountry "COL"]
[SourceTitle "CBM 208 Extra"]
[Source "ChessBase"]
[SourceDate "2022.07.31"]
[SourceVersion "1"]
[SourceVersionDate "2022.07.31"]
[SourceQuality "1"]

1. e4 c5 2. Nf3 g6 3. d4 cxd4 4. Nxd4 Nc6 5. c4 Bg7 6. Be3 Nf6 7. Nc3 Ng4 8. Qxg4 Nxd4 9. Qd1 Ne6 10. Be2 Bxc3+ 11. bxc3 Qa5 12. Qc2 b6 13. 0-0 Bb7 14. f4 Nc5 15. Bf3 Ba6 16. Bd4 Rg8 17. e5 Rc8 18. f5 Bxc4 19. fxg6 hxg6 20. Be2 Ne6 21. Bxc4 Rxc4 22. Qf2 Rf8 23. Qf3 Qa6 24. h4 Kd8 25. h5 Nxd4 26. cxd4 gxh5 27. Rac1 Qc8 28. Rxc4 Qxc4 29. Qa8+ Qc8 30. Qxa7 Qc7 31. Qa8+ Qc8 32. Qa3 Qc4 1/2-1/2

[Event "Medellin U2000 op"]
[Site "Medellin"]
[Date "2022.05.20"]
[Round "3"]
[White "Ortiz Valencia, Sofia"]
[Black "Montoya, Mariangel"]
[Result "0-1"]
[WhiteElo "1396"]
[BlackElo "1372"]
[PlyCount "80"]
[EventDate "2022.05.18"]
[EventType "swiss"]
[EventRounds "7"]
[EventCountry "COL"]
[SourceTitle "CBM 208 Extra"]
[Source "ChessBase"]
[SourceDate "2022.07.31"]
[SourceVersion "1"]
[SourceVersionDate "2022.07.31"]
[SourceQuality "1"]

1. e4 c5 2. Nf3 g6 3. Nc3 Bg7 4. b3 Nc6 5. Bb2 d6 6. Bc4 Nf6 7. 0-0 0-0 8. h3 a6 9. d4 cxd4 10. Nxd4 Nxd4 11. Qxd4 b5 12. Be2 Bb7 13. Bf3 Nxe4 14. Qd1 Nxc3 15. Bxc3 Bxc3 16. Bxb7 Rb8 17. Rb1 Rxb7 18. Qf3 Qc7 19. Rbd1 Bg7 20. Rd2 Rc8 21. Rc1 Bh6 22. Qe2 Bxd2 23. Qxd2 Qc3 24. Qe2 Qb2 25. Qd2 Rbc7 26. Re1 Rxc2 27. Qe3 Rc1 28. Kh2 Rxe1 29. Qxe1 Qe5+ 30. Qxe5 dxe5 31. g3 Rc2 32. h4 Rxf2+ 33. Kh3 Rxa2 34. g4 Ra3 35. h5 Rxb3+ 36. Kh4 gxh5 37. Kxh5 a5 38. Kg5 a4 39. Kh6 a3 40. g5 Rh3# 0-1

[Event "Medellin Easter op 10th"]
[Site "Medellin"]
[Date "2022.04.15"]
[Round "4"]
[White "Castano, Saray"]
[Black "Montoya, Mariangel"]
[Result "1-0"]
[WhiteElo "1662"]
[BlackElo "1350"]
[PlyCount "37"]
[EventDate "2022.04.13"]
[EventType "swiss"]
[EventRounds "8"]
[EventCountry "COL"]
[SourceTitle "CBM 207 Extra"]
[Source "ChessBase"]
[SourceDate "2022.05.31"]
[SourceVersion "1"]
[SourceVersionDate "2022.05.31"]
[SourceQuality "1"]

1. e4 c5 2. Nf3 g6 3. d4 cxd4 4. Nxd4 Nc6 5. c4 Bg7 6. Be3 Nf6 7. Nc3 Ng4 8. Qxg4 Nxd4 9. Qd1 Ne6 10. Be2 Bxc3+ 11. bxc3 Qa5 12. Qc2 b6 13. 0-0 Bb7 14. f4 Rc8 15. f5 gxf5 16. Rxf5 Nc5 17. Bd4 Rg8 18. Bf3 Qa6 19. Re1 1-0

[Event "COL-chT (Women)"]
[Site "Medellin"]
[Date "2021.12.09"]
[Round "2.1"]
[White "Montoya, Mariangel"]
[Black "Castrillon Gomez, Melissa"]
[Result "0-1"]
[WhiteElo "1364"]
[BlackElo "2182"]
[PlyCount "28"]
[EventDate "2021.12.09"]
[EventType "team-tourn"]
[EventRounds "5"]
[EventCountry "COL"]
[SourceTitle "CBM 205 Extra"]
[Source "ChessBase"]
[SourceDate "2022.01.31"]
[SourceVersion "1"]
[SourceVersionDate "2022.01.31"]
[SourceQuality "1"]
[WhiteTeam "Antioquia Talentos (W)"]
[BlackTeam "Liga de Antioquia (W)"]
[WhiteTeamCountry "COL"]
[BlackTeamCountry "COL"]

1. e4 c5 2. Nf3 Nc6 3. d4 cxd4 4. Nxd4 e5 5. Nf3 Nf6 6. Nc3 Bb4 7. Bd3 d5 8. exd5 Qxd5 9. Be2 e4 10. Nd2 Bxc3 11. bxc3 e3 12. fxe3 Qxg2 13. Bf3 Qg5 14. Nc4 Qh4+ 0-1

[Event "Medellin Raza op"]
[Site "Medellin"]
[Date "2021.10.06"]
[Round "1"]
[White "Montoya, Mariangel"]
[Black "Ospina Castro, Santiago"]
[Result "0-1"]
[WhiteElo "1280"]
[BlackElo "1993"]
[PlyCount "66"]
[EventDate "2021.10.06"]
[EventType "swiss"]
[EventRounds "9"]
[EventCountry "COL"]
[SourceTitle "EXT 2023"]
[Source "ChessBase"]
[SourceDate "2022.10.05"]
[SourceVersion "1"]
[SourceVersionDate "2022.10.05"]
[SourceQuality "1"]

1. e4 e6 2. d3 d5 3. Nd2 Nf6 4. Ngf3 Nc6 5. g3 dxe4 6. dxe4 e5 7. Bg2 Bc5 8. 0-0 0-0 9. Re1 Qe7 10. h3 Rd8 11. Qe2 a5 12. Nc4 b6 13. Bg5 Ba6 14. c3 h6 15. Bxf6 Qxf6 16. b3 Qe6 17. Nh4 Bxc4 18. bxc4 g6 19. Rad1 Ne7 20. Kh1 Qf6 21. f4 c6 22. Rxd8+ Rxd8 23. Rf1 exf4 24. Rxf4 Qxc3 25. Kh2 Qd3 26. Qg4 Qd1 27. Nf3 Rd3 28. h4 Be3 29. Rf6 h5 30. Qh3 Kg7 31. Rxf7+ Kxf7 32. Ne5+ Kf6 33. Nxd3 Qg1# 0-1

[Event "COL-ch Cat D U1800"]
[Site "Medellin"]
[Date "2021.06.13"]
[Round "5"]
[White "Montoya, Mariangel"]
[Black "Garcia Urruchurto, Hernan"]
[Result "1/2-1/2"]
[WhiteElo "1252"]
[BlackElo "1691"]
[PlyCount "79"]
[EventDate "2021.06.10"]
[EventType "swiss"]
[EventRounds "7"]
[EventCountry "COL"]
[SourceTitle "EXT 2022"]
[Source "ChessBase"]
[SourceDate "2021.10.06"]
[SourceVersion "1"]
[SourceVersionDate "2021.10.06"]
[SourceQuality "1"]

1. e4 c5 2. Nf3 Nc6 3. d4 cxd4 4. Nxd4 Nf6 5. Nc3 e5 6. Nxc6 bxc6 7. Bc4 Bb4 8. f3 Qa5 9. Bd2 0-0 10. a3 Bxc3 11. Bxc3 Qc5 12. Ba2 a5 13. Qd2 Rd8 14. 0-0-0 d6 15. g4 Be6 16. Bxe6 fxe6 17. h4 Ne8 18. Qg5 Rdb8 19. Qe7 Qa7 20. Qxe6+ Qf7 21. Qxf7+ Kxf7 22. Rhf1 Ke6 23. f4 exf4 24. Rxf4 Rb7 25. Rf8 a4 26. Re1 Rab8 27. Ref1 Nf6 28. Rxb8 Rxb8 29. Bxf6 gxf6 30. g5 fxg5 31. hxg5 Rg8 32. Rh1 Rxg5 33. Rxh7 Rg4 34. b3 axb3 35. cxb3 Rxe4 36. a4 c5 37. a5 Kd5 38. a6 Re8 39. Kc2 Ra8 40. a7 1/2-1/2

[Event "COL-ch Cat D U1800"]
[Site "Medellin"]
[Date "2021.06.11"]
[Round "3"]
[White "Montoya, Mariangel"]
[Black "Gomez Vasquez, Laura Sofia"]
[Result "0-1"]
[WhiteElo "1252"]
[BlackElo "1699"]
[PlyCount "46"]
[EventDate "2021.06.10"]
[EventType "swiss"]
[EventRounds "7"]
[EventCountry "COL"]
[SourceTitle "EXT 2022"]
[Source "ChessBase"]
[SourceDate "2021.10.06"]
[SourceVersion "1"]
[SourceVersionDate "2021.10.06"]
[SourceQuality "1"]

1. e4 c5 2. Nf3 Nc6 3. d4 cxd4 4. Nxd4 g6 5. Nc3 Bg7 6. Be3 Nf6 7. Bc4 Qa5 8. Nxc6 bxc6 9. 0-0 0-0 10. Bb3 d6 11. Qd2 Qh5 12. Ne2 Nxe4 13. Qd3 Nc5 14. Bxc5 Qxc5 15. c3 a5 16. a4 Rb8 17. Ra3 d5 18. Qe3 Qxe3 19. fxe3 Ba6 20. Re1 e5 21. Kf2 Rfd8 22. Rf1 Bf8 23. Raa1 Rxb3 0-1

[Event "COL-ch Cat D U1800"]
[Site "Medellin"]
[Date "2021.06.10"]
[Round "1"]
[White "Sanchez, Rubiela"]
[Black "Montoya, Mariangel"]
[Result "1/2-1/2"]
[WhiteElo "1596"]
[BlackElo "1252"]
[PlyCount "23"]
[EventDate "2021.06.10"]
[EventType "swiss"]
[EventRounds "7"]
[EventCountry "COL"]
[SourceTitle "EXT 2022"]
[Source "ChessBase"]
[SourceDate "2021.10.06"]
[SourceVersion "1"]
[SourceVersionDate "2021.10.06"]
[SourceQuality "1"]

1. e4 c5 2. Nf3 g6 3. d4 cxd4 4. Nxd4 Bg7 5. c4 Nc6 6. Be3 Nf6 7. Nc3 a6 8. Be2 d6 9. 0-0 0-0 10. f3 Qb6 11. Qb3 Qxb3 12. Nxb3 1/2-1/2

[Event "COL-ch U10"]
[Site "Bogota"]
[Date "2021.03.28"]
[Round "7"]
[White "Montoya, Mariangel"]
[Black "Gutierrez, Diego Alejandro"]
[Result "1-0"]
[WhiteElo "1288"]
[BlackElo "1317"]
[PlyCount "71"]
[EventDate "2021.03.24"]
[EventType "swiss"]
[EventRounds "7"]
[EventCountry "COL"]
[SourceTitle "EXT 2022"]
[Source "ChessBase"]
[SourceDate "2021.10.06"]
[SourceVersion "1"]
[SourceVersionDate "2021.10.06"]
[SourceQuality "1"]

1. e4 c5 2. Nf3 Nc6 3. d4 Qa5+ 4. Nc3 e6 5. Be2 cxd4 6. Nxd4 Nxd4 7. Qxd4 e5 8. Qd1 Nf6 9. 0-0 Be7 10. Be3 0-0 11. Nd5 Nxd5 12. exd5 d6 13. Bd3 f5 14. Bd2 Qxd5 15. b3 Kh8 16. Bc4 Qc5 17. Be3 Qc6 18. Qh5 b5 19. Bf7 f4 20. Bg6 h6 21. Bd2 Bb7 22. f3 Qd5 23. Be4 Qxd2 24. Bxb7 Rab8 25. Be4 Rf6 26. Rad1 Qa5 27. c4 Qb6+ 28. Kh1 a6 29. cxb5 Qxb5 30. Rc1 d5 31. Bb1 Re6 32. Rfe1 Bd6 33. Qf5 Kg8 34. Qxe6+ Kh8 35. Qxd6 Qe8 36. Rxe5 1-0

[Event "COL-ch U10"]
[Site "Bogota"]
[Date "2021.03.25"]
[Round "2"]
[White "Montoya, Mariangel"]
[Black "Ospina Soto, Sara Lucia"]
[Result "1-0"]
[WhiteElo "1288"]
[BlackElo "1269"]
[PlyCount "97"]
[EventDate "2021.03.24"]
[EventType "swiss"]
[EventRounds "7"]
[EventCountry "COL"]
[SourceTitle "EXT 2022"]
[Source "ChessBase"]
[SourceDate "2021.10.06"]
[SourceVersion "1"]
[SourceVersionDate "2021.10.06"]
[SourceQuality "1"]

1. e4 c6 2. d4 d5 3. exd5 cxd5 4. Bd3 Nc6 5. c3 Nf6 6. h3 e6 7. Bf4 Bd6 8. Bxd6 Qxd6 9. Nf3 0-0 10. 0-0 Re8 11. Re1 e5 12. dxe5 Nxe5 13. Nxe5 Rxe5 14. Nd2 Bd7 15. Qb3 Bc6 16. Nf3 Ree8 17. Nd4 h6 18. Nf5 Qd7 19. Rxe8+ Rxe8 20. Qd1 Re6 21. Qf3 Qe8 22. Qg3 Qf8 23. Nxh6+ Kh8 24. Ng4 Nh5 25. Qh4 Rh6 26. Nxh6 gxh6 27. Qxh5 Qg7 28. Re1 d4 29. Qg4 Qxg4 30. hxg4 dxc3 31. bxc3 Bd7 32. Bf5 Bb5 33. Re7 Ba6 34. Rxf7 Kg8 35. Rc7 Kh8 36. Bc8 Bd3 37. Rxb7 a5 38. Ra7 Kg8 39. Rxa5 Kf7 40. Bf5 Bc4 41. a4 Kf6 42. Rc5 Bb3 43. a5 Ba4 44. a6 Bb3 45. a7 Ba4 46. a8Q Bb3 47. Qh8+ Kg5 48. Qg7+ Kh4 49. Qxh6# 1-0

[Event "Medellin Antioquia 2nd League"]
[Site "Medellin"]
[Date "2021.??.??"]
[Round "7"]
[White "Montoya, Mariangel"]
[Black "Vallejo, Diego"]
[Result "0-1"]
[WhiteElo "1286"]
[BlackElo "1857"]
[PlyCount "44"]
[EventDate "2021.08.31"]
[EventType "swiss"]
[EventRounds "7"]
[EventCountry "COL"]
[SourceTitle "CBM 204 Extra"]
[Source "ChessBase"]
[SourceDate "2021.11.30"]
[SourceVersion "1"]
[SourceVersionDate "2021.11.30"]
[SourceQuality "1"]

1. e4 e5 2. Nf3 Nc6 3. Bc4 Nf6 4. d3 Bc5 5. c3 Bb6 6. Bb3 d6 7. Nbd2 Ne7 8. 0-0 Ng6 9. d4 Qe7 10. dxe5 dxe5 11. Nc4 0-0 12. Nxb6 axb6 13. Qe2 Nh5 14. Bg5 Qe8 15. Rad1 Nhf4 16. Qc4 Be6 17. Qxc7 f6 18. Rd7 Rf7 19. Rxf7 Qxf7 20. Bxe6 Nxe6 21. Qxf7+ Kxf7 22. Be3 Rxa2 0-1

[Event "Medellin Antioquia 2nd League"]
[Site "Medellin"]
[Date "2021.??.??"]
[Round "3"]
[White "Sanabria, Edgar"]
[Black "Montoya, Mariangel"]
[Result "1-0"]
[WhiteElo "1549"]
[BlackElo "1286"]
[PlyCount "31"]
[EventDate "2021.08.31"]
[EventType "swiss"]
[EventRounds "7"]
[EventCountry "COL"]
[SourceTitle "CBM 204 Extra"]
[Source "ChessBase"]
[SourceDate "2021.11.30"]
[SourceVersion "1"]
[SourceVersionDate "2021.11.30"]
[SourceQuality "1"]

1. e4 c5 2. Nf3 g6 3. d4 cxd4 4. Qxd4 Nf6 5. Bb5 Nc6 6. Bxc6 bxc6 7. e5 Nd5 8. e6 f6 9. exd7+ Bxd7 10. 0-0 Bg7 11. c4 Nc7 12. Rd1 0-0 13. Qxd7 Qxd7 14. Rxd7 Rad8 15. Rxd8 Rxd8 16. Nbd2 1-0

[Event "Medellin Aristizabal Cup"]
[Site "Medellin"]
[Date "2020.11.22"]
[Round "6"]
[White "Montoya, Mariangel"]
[Black "Norena Marin, Jeronimo"]
[Result "0-1"]
[WhiteElo "1275"]
[BlackElo "1337"]
[PlyCount "66"]
[EventDate "2020.11.18"]
[EventType "swiss"]
[EventRounds "7"]
[EventCountry "COL"]
[SourceTitle "CBM 199 Extra"]
[Source "ChessBase"]
[SourceDate "2021.01.31"]
[SourceVersion "1"]
[SourceVersionDate "2021.01.31"]
[SourceQuality "1"]

1. e4 d5 2. exd5 Nf6 3. Bb5+ Bd7 4. Be2 Nxd5 5. Nf3 Nc6 6. d4 g6 7. Nc3 Bf5 8. Bd2 Bg7 9. Nxd5 Qxd5 10. c3 0-0 11. 0-0 Rad8 12. Bf4 e5 13. c4 Qe4 14. Bg3 Nxd4 15. Nxd4 Rxd4 16. Qe1 Re8 17. Rd1 Qc2 18. b3 Bh6 19. f3 Qxa2 20. Bf2 Bd2 21. Ra1 Qxb3 22. Qd1 Bc2 23. Bxd4 Bxd1 24. Bxd1 Qxc4 25. Ba4 Qxd4+ 26. Kh1 Rd8 27. Bd1 Qxa1 28. Be2 Qd4 29. Rd1 Qf2 30. h3 Qxe2 31. Ra1 Bf4 32. Rb1 Qd1+ 33. Rxd1 Rxd1# 0-1

[Event "Medellin Aristizabal Cup"]
[Site "Medellin"]
[Date "2020.11.20"]
[Round "3"]
[White "Montoya, Mariangel"]
[Black "Giraldo Alvarez, Tomas"]
[Result "1-0"]
[WhiteElo "1275"]
[BlackElo "1314"]
[PlyCount "81"]
[EventDate "2020.11.18"]
[EventType "swiss"]
[EventRounds "7"]
[EventCountry "COL"]
[SourceTitle "CBM 199 Extra"]
[Source "ChessBase"]
[SourceDate "2021.01.31"]
[SourceVersion "1"]
[SourceVersionDate "2021.01.31"]
[SourceQuality "1"]

1. e4 e5 2. Nf3 Nc6 3. Bc4 Bc5 4. c3 Nf6 5. d3 d6 6. Bb3 h6 7. Nbd2 0-0 8. h3 Ne7 9. d4 exd4 10. cxd4 Bb4 11. Qc2 d5 12. e5 Ne4 13. 0-0 Bf5 14. Nxe4 dxe4 15. Ne1 Ba5 16. Be3 Nc6 17. Rd1 Bh7 18. Qe2 Qh4 19. Kh2 Bf5 20. f3 Bxe1 21. Rdxe1 exf3 22. Qxf3 Bg6 23. g3 Qe7 24. Qg4 Kh7 25. h4 Na5 26. Bd1 Qe6 27. Qe2 f6 28. h5 Be8 29. Bc2+ Kh8 30. exf6 Rxf6 31. Qd3 Qg8 32. Rxf6 gxf6 33. Bxh6 Qf7 34. g4 Nc6 35. a3 Rd8 36. Qe3 Qd7 37. Bf8 Kg8 38. Qh6 Nxd4 39. Be4 Nf3+ 40. Kg3 Nxe1 41. Bd5+ 1-0

[Event "Medellin Aristizabal Cup"]
[Site "Medellin"]
[Date "2020.11.18"]
[Round "1"]
[White "Sanchez Arroyave, Juan Pablo"]
[Black "Montoya, Mariangel"]
[Result "1-0"]
[WhiteElo "1835"]
[BlackElo "1275"]
[PlyCount "59"]
[EventDate "2020.11.18"]
[EventType "swiss"]
[EventRounds "7"]
[EventCountry "COL"]
[SourceTitle "CBM 199 Extra"]
[Source "ChessBase"]
[SourceDate "2021.01.31"]
[SourceVersion "1"]
[SourceVersionDate "2021.01.31"]
[SourceQuality "1"]

1. d4 Nf6 2. c4 g6 3. Nf3 Bg7 4. g3 0-0 5. Bg2 d5 6. 0-0 Nc6 7. cxd5 Nxd5 8. Nc3 Bg4 9. Nxd5 Qxd5 10. Ne5 Qxd4 11. Qxd4 Nxd4 12. Nxg4 Nxe2+ 13. Kh1 Rab8 14. Rb1 Nxc1 15. Rbxc1 c6 16. Rc2 Rbd8 17. h4 f5 18. Ne3 f4 19. Nc4 fxg3 20. fxg3 Rd3 21. Rxf8+ Kxf8 22. Kh2 b5 23. Nd2 c5 24. b3 c4 25. bxc4 bxc4 26. Nxc4 e5 27. Re2 Rd4 28. Nxe5 Kg8 29. Nc6 Rc4 30. Bd5+ 1-0